000 00323nam a2200145Ia 4500
008 191201s2011 xx 000 0 und d
082 _a658
_bROM
100 _aROBBINS,Stephen P
245 0 _aManagement
250 _a4th IMp
260 _aN. delhi
_bpearson
_c2011
300 _a545
650 _aMBA
942 _2ddc
_cBK
_04
999 _c5334
_d5334